L'homme des îles / (Record no. 192954)

MARC details
000 -LEADER
campo de control de longitud fija 01672cam a2200457 i 4500
001 - NÚMERO DE CONTROL
campo de control 192954
003 - IDENTIFICADOR DE NÚMERO DE CONTROL
campo de control ES-MaACL
005 - FECHA Y HORA DE LA ÚLTIMA TRANSACCIÓN
campo de control 20230921154538.0
007 - CAMPO FIJO DE DESCRIPCIÓN FÍSICA--INFORMACIÓN GENERAL
campo de control de longitud fija ta
008 - DATOS DE LONGITUD FIJA--INFORMACIÓN GENERAL
campo de control de longitud fija 230712s2019||||fr gr 000 0 fre d
017 ## - NÚMERO DE COPYRIGHT O DE DEPÓSITO LEGAL
Número de copyright o de depósito legal DLE-20190509-29533
Agencia que asigna FR
020 ## - NÚMERO INTERNACIONAL ESTÁNDAR DEL LIBRO
Número Internacional Estándar del Libro 9782228923552 (br)
Condiciones de disponibilidad 11 EUR
024 3# - IDENTIFICADOR DE OTROS ESTÁNDARES
Número estándar o código 9782228923552
035 ## - NÚMERO DE CONTROL DEL SISTEMA
Número de control de sistema (OCoLC)1111591016
035 ## - NÚMERO DE CONTROL DEL SISTEMA
Número de control de sistema 237305143
035 ## - NÚMERO DE CONTROL DEL SISTEMA
Número de control de sistema FRBNF457244220000007
Número de control cancelado/no válido FRBNF45724422
035 ## - NÚMERO DE CONTROL DEL SISTEMA
Número de control de sistema ALP666446
040 ## - FUENTE DE CATALOGACIÓN
Centro catalogador/agencia de origen ABES
Lengua de catalogación fre
Normas de descripción AFNOR
Centro/agencia transcriptor ES-MaACL
041 1# - CÓDIGO DE IDIOMA
Fuente del código 639-2
082 0# - NÚMERO DE LA CLASIFICACIÓN DECIMAL DEWEY
Número de clasificación 891.620 949 2
Número de edición 23
084 ## - OTRO NÚMERO DE CLASIFICACIÓN
Número de clasificación 920.
Fuente del número Cadre de classement de la Bibliographie nationale française
100 1# - ENTRADA PRINCIPAL--NOMBRE DE PERSONA
Nombre de persona O'Crohan, Tomás,
Fechas asociadas al nombre 1856-1937
9 (RLIN) 233675
245 12 - MENCIÓN DEL TÍTULO
Título L'homme des îles /
Mención de responsabilidad, etc. Tomás O'Crohan ; traduit de gaélique par Jean Buhler et Una Murphy.
264 #1 - PRODUCCIÓN, PUBLICACIÓN, DISTRIBUCIÓN, FABRICACIÓN Y COPYRIGHT
Producción, publicación, distribución, fabricación y copyright Paris :
Nombre del de productor, editor, distribuidor, fabricante Éditions Payot & Rivages,
Fecha de producción, publicación, distribución, fabricación o copyright DL 2019.
300 ## - DESCRIPCIÓN FÍSICA
Extensión 353 p. ;
Dimensiones 17 cm.
336 ## - TIPO DE CONTENIDO
Código de tipo de contenido txt
Fuente rdacontent
Término de tipo de contenido Texto
337 ## - TIPO DE MEDIO
Código del tipo de medio n
Fuente rdamedia
Nombre/término del tipo de medio sin mediación
337 ## - TIPO DE MEDIO
Código del tipo de medio n
Fuente isbdmedia
Nombre/término del tipo de medio sin mediación
338 ## - TIPO DE SOPORTE
Código del tipo de soporte nga
Fuente RDAfrCarrier
Nombre/término del tipo de soporte volumen
490 1# - MENCIÓN DE SERIE
Mención de serie Petite bibliothèque Payot : voyageurs ;
Designación de volumen o secuencia 195
562 ## - NOTA DE IDENTIFICACIÓN DE LA COPIA Y VERSIÓN
Marcas de identificación Exemplaire créé par ITEM – Transition VIRTUA
600 17 - PUNTO DE ACCESO ADICIONAL DE MATERIA--NOMBRE DE PERSONA
Nombre de persona O'Crohan, Tomás,
Fechas asociadas al nombre 1856-1937
Fuente del encabezamiento o término ram
9 (RLIN) 233675
700 1# - ENTRADA AGREGADA--NOMBRE PERSONAL
Nombre de persona Bühler, Jean,
Fechas asociadas al nombre 1919-2017
9 (RLIN) 233676
700 1# - ENTRADA AGREGADA--NOMBRE PERSONAL
Nombre de persona Murphy, Una
9 (RLIN) 233677
830 #0 - PUNTO DE ACCESO ADICIONAL DE SERIE-TÍTULO UNIFORME
Título uniforme Petite bibliothèque Payot (Paris) ;
Designación de volumen o secuencia 195
9 (RLIN) 233678
852 ## - LOCALIZACIÓN
Ubicación ES-MaACL
Ubicación en estantería Depósito J
Número de control de estantería VAL-404
Sublocalización o colección R.154063
Encuadernación Legado: Asunción Valero Gancedo
itemnumber 200257
886 2# - INFORMACIÓN DE CAMPO MARC FORÁNEO
2 unimarc
a 181
-- i#
b xxxe##
942 ## - ELEMENTOS DE ENTRADA SECUNDARIOS (KOHA)
Suprimir en OPAC No
Tipo de ítem Koha Libro impreso
Holdings
Estatus retirado Estado de pérdida Fuente del sistema de clasificación o colocación Estado de daño No para préstamo Biblioteca de origen Biblioteca actual Ubicación en estantería Fecha de adquisición Fuente de adquisición Total de préstamos Signatura topográfica completa Código de barras Visto por última vez Precio de reemplazo Tipo de ítem Koha
    Clasificación decimal universal     Biblioteca del Ateneo de Madrid Biblioteca del Ateneo de Madrid Depósito J 01/05/2021 Legado   VAL-404 101205550 12/07/2023 12/07/2023 Libro impreso